00566nam a22001937a 450000500170000001000130001702000220003003500130005203700160006504000120008108200130009324500910010626000570019727000360025430000230029065000150031370000180032870000260034620170124110159.0 aA-410837 c00.00a019562551X aA-410837 bCen Lib/Ret aDPLbEN a080bSEL aSelected letters on Romain Rolland /cedited by Francis Dore [and] Marie Laure Prevost aDelhibIndira Gandhi national centres for artsc1990 bDelhiaOxford university press  axi,139p.c21cm(Hb) aBiography  aDore, Francis aPrevost, Marie Laure